| 000 | 006250000a22001810004500 | ||
|---|---|---|---|
| 090 |
_aAR _b00955 |
||
| 245 | 1 | 0 | _aDescription of the first troglobitic species of the genus Phrynus (<Amblypygi: Prynidae>) from Cuba |
| 246 | 3 | _aDescripción de la primera especie troglobia del género Phrynus (<Amblypygi: Phrynidae>) de Cuba | |
| 650 | 1 | 4 |
_aTroglobios _994143 |
| 650 | 1 | 4 |
_aAmblipígidos _994144 |
| 650 | 1 | 4 |
_aBioespeleología _92655 |
| 651 | 4 |
_pAntillas _992749 |
|
| 041 | 0 | _aInglés | |
| 700 | 1 |
_aPérez, Abel _994145 |
|
| 100 | 1 |
_aDe Armas, Luis F. _994146 |
|
| 942 | _cARTICULO | ||
| 773 | 1 |
_tAvicennia _3341 _h1 _q7-11 _d1994 |
|
| 999 |
_c10043 _d10043 |
||